Bilecik Bilecik Bilecik Bilecik Bilecik

Drina Köprüsü = (Record no. 59087)

MARC details
000 -BAŞLIK
Sabit Uzunluktaki Kontrol Alanı 00906nam a22003017a 4500
001 - KONTROL NUMARASI
Control Dosyası 0059282
003 - KONTROL NUMARASI KİMLİĞİ
Kontrol Alanı KOHA_MİRAKIL
005 - EN SON İŞLEM TARİHİ ve ZAMANI
Kontrol Alanı 20260207004223.0
007 - FİZİKSEL TANIM SABİT ALAN - GENEL BİLGİ
Sabit uzunluklu kontrol alanı ta
008 - SABİT UZUNLUKTAKİ VERİ ÖGELERİ - GENEL BİLGİ
Sabit Alan 160816b1975 tu |||gr||||#0|||1|tur |
020 ## - ISBN - ULUSLARARASI STANDART KİTAP NUMARASI
Isbn 9754707820
040 ## - KATALOGLAMA KAYNAĞI
Özgün Kataloglama Kurumu TR-BiSEU
Kataloglama Dili tur
Çeviri Kurumu TR-BiSEU
Açıklama Kuralları rda
041 0# - DİL KODU
Metin ya da ses kaydının dil kodu tur
044 ## - YAYINLAYAN/ÜRETEN KURULUŞUN ÜLKE KODU
ISO country code tu
050 ## - SINIFLAMA ve YER NUMARASI
Sınıflama Numarası PG1418.A6
Yer Numarası D75 1975
100 1# - KİŞİ ADI
Yazar Adı (Kişi adı) Andriç, Ivo.
240 10 - TEK BİÇİM BAŞLIK
Tekbiçim Başlık <a href="Na Drini Cuprija">Na Drini Cuprija</a>
Language of a work Türkçe
245 1# - ESER ADI BİLDİRİMİ
Başlık Drina Köprüsü =
Alt Eseradı vb. Na Drini Cuprija/
Sorumluluk Bildirimi Ivo Andriç ; Ivo Andriç; çeviren Hasan Ali Ediz, Nuriye Müstakimoğlu.
264 #1 - ÜRERİM, YAYIN, DAĞITIM ve TELİF BİLDİRİMİ
Yayın yeri İstanbul :
Yayınlayan Altın kitapevleri
Yayın tarihi 1975
300 ## - FİZİKSEL TANIMLAMA
Sayfa, Cilt vb. 354 sayfa; 21 cm.
336 ## - İÇERİK TÜRÜ
Content type term metin
Content type code txt
Source rdacontent
337 ## - MEDYA TÜRÜ
Media type term aracısız
Media type code n
Source rdamedia
338 ## - TAŞIYICI TÜRÜ
Carrier type term cilt
Carrier type code nc
Source rdacarrier
650 #0 - KONU BAŞLIĞI EK GİRİŞ - KONU TERİMİ
Konusal terim veya coğrafi ad Slav edebiyatı--roman.
9 (RLIN) 49374
650 #0 - KONU BAŞLIĞI EK GİRİŞ - KONU TERİMİ
Konusal terim veya coğrafi ad Slavian literature--fiction.
9 (RLIN) 49375
907 ## - LOCAL DATA ELEMENT G, LDG (RLIN)
a Roman
942 ## - EK GİRİŞ ÖGELERİ (KOHA)
Source of classification or shelving scheme Library of Congress Classification
Koha item type Book
Holdings
Materyal Türü Kalıcı Konum Mevcut Konum Raf Yeri Sınıflandırma Kaynağı Edinim Bilgisi Ana Konular Alt Konular Yer Numarası Demirbaş Numarası Fatura Tarihi Geri Çekilme Durumu Kayıp Durumu Hasarlı Durumu Kredi için değil Kayıt Tarih Toplam Ödünçverme Son Görülme Tarihi Son Kontrol Tarihi Genel / Bağış Notu
Book Prof. Dr. Azmi Özcan Kütüphanesi Prof. Dr. Azmi Özcan Kütüphanesi Birûni Salonu Library of Congress Classification Bağış DİL VE EDEBİYAT Slav Dilleri, Baltık Dilleri, Arnavutça PG1418.A6 D75 1975 0059282 02/02/2026         16/08/2016 3 05/12/2024 05/12/2024 Mehmet Alpargu, Akademisyen